MAASAI MARA UNIVERSITY

LIBRARY CATALOGUE

Contact Us: +254 020 2685356/7 or 0774 057787

Box: 861-20500, NAROK, KENYA

Email: info@mmarau.ac.ke

Biotechnology for rapid development in AFRICA (Record no. 19297)

MARC details
000 -LEADER
fixed length control field 00774nam a22002057a 4500
001 - CONTROL NUMBER
control field 12198813
003 - CONTROL NUMBER IDENTIFIER
control field OSt
005 - DATE AND TIME OF LATEST TRANSACTION
control field 20210114091755.0
008 - FIXED-LENGTH DATA ELEMENTS--GENERAL INFORMATION
fixed length control field 161006b xxu||||| |||| 00| 0 eng d
010 ## - LIBRARY OF CONGRESS CONTROL NUMBER
LC control number 00051429
020 ## - INTERNATIONAL STANDARD BOOK NUMBER
International Standard Book Number 0792372301 (hb. : alk. paper)
040 ## - CATALOGING SOURCE
Original cataloging agency MMU
Transcribing agency MMU
Modifying agency MMU
Language of cataloging eng
050 00 - LIBRARY OF CONGRESS CALL NUMBER
Classification number S494.5.B563
Item number A3727 1994
245 00 - TITLE STATEMENT
Title Biotechnology for rapid development in AFRICA
Remainder of title proceedings of the african regional symposium on biotechnology for rapid development Nairobi, Kenya 17-21 February ,1992
260 ## - PUBLICATION, DISTRIBUTION, ETC. (IMPRINT)
Place of publication, distribution, etc. Boston :
Name of publisher, distributor, etc. Kluwer Academic Publishers,
Date of publication, distribution, etc. c2000.
300 ## - PHYSICAL DESCRIPTION
Extent 365 p. :
Other physical details ill. ;
Dimensions 25 cm.
500 ## - GENERAL NOTE
General note Includes bibliographical references.
650 #0 - SUBJECT ADDED ENTRY--TOPICAL TERM
Topical term or geographic name as entry element Agricultural biotechnology
Geographic subdivision Developing countries
Form subdivision Congresses.
942 ## - ADDED ENTRY ELEMENTS (KOHA)
Source of classification or shelving scheme Library of Congress Classification
Koha item type SL
Holdings
Withdrawn status Lost status Source of classification or shelving scheme Damaged status Not for loan Home library Current library Date acquired Source of acquisition Total Checkouts Full call number Barcode Date last seen Price effective from Koha item type
    Library of Congress Classification     Maasai Mara University Library -Main Campus Maasai Mara University Library -Main Campus 10/06/2016 Donation   S494.5 .B563A372 7 1997 201618022 10/06/2016 10/06/2016 Special collection
© 2016 Maasai Mara University.